000 00829nam a22002777a 4500
001 BR7804665
003 BR-BrBNA
005 20230928085659.0
007 ta
008 230509b bl.||||| |||| 00| 0 por d
040 _aBR-BrBNA
_bpor
_cBiblioteca Nacional de Agricultura
041 _a(Por)
072 _aQ10
_b/G514
090 _ Q10 BR7804665
110 1 _aCompanhia Estadual de Silos e Armazens, Porto Alegre, RS (Brasil)
_92437
245 1 _aCesa 25 anos 1952-1977 [Companhia Estadual de Silos e Armazens; Rio Grande do Sul; Brasil]
260 3 _aPorto Alegre, RS (Brasil):
_c1978.
300 _a44 p.
650 _aTecnologia de alimento
650 _aArmazenamento de alimento
650 _aArmazem
650 _aSilo
650 _aRio Grande do Sul
909 _a202309
_bLucia
_c55
_dLucia Elande
942 _cBK
999 _c25741
_d25741